| 000 | 00940nam a2200217 a 4500 | ||
|---|---|---|---|
| 001 | 84985 | ||
| 003 | BD-RjUL | ||
| 005 | 20250527154151.0 | ||
| 008 | 250527s1957 ii ||||| |||| 00| 0 ben d | ||
| 035 | _a(BD-RjUL)84985 | ||
| 040 |
_aBD-RjUL _beng _cBD-RjUL |
||
| 041 | _aben | ||
| 082 |
_223 _a491.445 _bBIS 1957 |
||
| 100 | _aবিদ্যাসাগর, ঈশ্বরচন্দ্র | ||
| 245 |
_aসমগ্র ব্যাকরণ কৌমুদী : _bপ্রথম, দ্বিতীয়, তৃতীয় ও চতুর্থ ভাগ / _cঈশ্বরচন্দ্র বিদ্যাসাগর |
||
| 260 |
_aকলিকাতা : _bপি.সি. মজুমদার অ্যাণ্ড ব্রাদাস, _c১৯৫৭ |
||
| 300 |
_a৭২২ প.; _c১৯ সেমি. |
||
| 650 |
_aবাংলা ব্যাকরণ _915668 |
||
| 650 |
_aBengali grammar _915669 |
||
| 942 |
_2ddc _cBK |
||
| 999 |
_c84985 _d84985 |
||